000 00538nam a22001815 4500
999 _c225439
_d225439
001 BK0018824811
005 20170911134935.0
008 160511 eng
020 _a9780545873734 : PAP
_c4.99
020 _a0545873738 : PAP
_c4.99
037 _bScholastic Paperbacks, Po Box 7502, Jefferson City, MO, USA, 65102
_nSAN 860-0023
040 _erda
050 _aPZ
082 _aE
092 _aE
100 _aChabert, Jack/ Ricks, Sam (ILT)
_95731826
245 0 0 _aSchool Freezes Over! :
_bA Branches Book
260 _bScholastic Paperbacks
_c2016
264 _anew york
_bScholastic Paperbacks
_c2016
300 _a96 p. ;
336 _abook
337 _abook
338 _abook
942 _2ddc
_cBOOK